| 000 | 00380nam a22001577a 4500 | ||
|---|---|---|---|
| 005 | 20200527095658.0 | ||
| 008 | 200527b xxu||||| |||| 00| 0 eng d | ||
| 041 | _aeng | ||
| 082 | _a340 | ||
| 100 |
_aBARE ACT _95744 |
||
| 245 | _aTHE INDIAN CONTRACT ACT,1872 (9-1872) | ||
| 260 |
_aDELHI _bPROFESSIONALS BOOKS PUBLISHERS |
||
| 300 | _a58;p | ||
| 650 |
_aLAW _95701 |
||
| 942 | _cBK | ||
| 999 |
_c6520 _d6518 |
||